| 000 -ლიდერი |
| ფიქსირებული სიგრძის საკონტროლო ველი |
01164nam a2200265Ia 4500 |
| 001 - საკონტროლო ნომერი |
| საკონტროლო ველი |
7170 |
| 003 - საკონტროლო ნომრის იდენტიფიკატორი |
| საკონტროლო ველი |
GE_BSU |
| 005 - ბოლო ოპერაციის თარიღი და დრო |
| საკონტროლო ველი |
20230905161532.0 |
| 008 - ფიქსირებული სიგრძის მონაცემთა ელემენტები - ზოგადი ინფორმაცია |
| ფიქსირებული სიგრძის საკონტროლო ველი |
181216s2010||||ge |||||||||||||| ||geo|| |
| 020 ## - წიგნის საერთაშორისო სტანდარტული ნომერი |
| International Standard Book Number |
9789941422522. |
| 040 ## - კატალოგიზაციის წყარო |
| Transcribing agency |
GE_BSU |
| 041 ## - ენის კოდი |
| Language code of text/sound track or separate title |
geo |
| 100 ## - მთავარი ჩანაწერი - პიროვნების სახელი |
| Personal name |
ბალზაკი, ონორე დე |
| 9 (RLIN) |
19770 |
| 245 ## - ცნობა სათაურის შესახებ |
| Title |
შაგრენის ტყავი : |
| Remainder of title |
რომანი / |
| Statement of responsibility, etc |
ონორე დე ბალზაკი ; გერონტი ქიქოძის თარგმანი ; რედ. მაია ალუდაური. |
| 260 ## - გამოქვეყნების, გავრცელების, და სხვა. ცნობები |
| Place of publication, distribution, etc |
. |
| 264 ## - წარმოების, გამოცემის, დისტრიბუციის და სხვა ცნობები |
| გამოცემის, წარმოების, დისტრიბუციის... ადგილი |
თბილისი : |
| გამოცემის, წარმოების, დისტრიბუციის... სახელწოდება |
პალიტრა L, |
| გამოცემის, წარმოების, დისტრიბუციის... თარიღი |
2010. |
| 300 ## - ფიზიკური აღწერა |
| Extent |
278 გვ. ; |
| Dimensions |
22 სმ. |
| 490 ## - სერიის ცნობა |
| Series statement |
50 წიგნი, რომელიც უნდა წაიკითხო სანამ ცოცხალი ხარ |
| 653 ## - INDEX TERM--UNCONTROLLED |
| Uncontrolled term |
რომანი |
| 653 ## - INDEX TERM--UNCONTROLLED |
| Uncontrolled term |
შაგრენის ტყავი |
| 700 ## - ADDED ENTRY--PERSONAL NAME |
| Personal name |
ქიქოძე, გერონტი |
| Relator term |
თარგმანი |
| 9 (RLIN) |
19771 |
| 700 ## - ADDED ENTRY--PERSONAL NAME |
| Personal name |
ალუდაური, მაია |
| Relator term |
რედაქტორი |
| 9 (RLIN) |
2096 |
| 942 ## - ADDED ENTRY ELEMENTS (KOHA) |
| Koha item type |
წიგნი |
| Source of classification or shelving scheme |
|